000 00955nam a2200337Ia 4500
003 OSt
005 20220912150444.0
006 a|||||r|||| 00| 0
007 ta
008 220909b |||||||| |||| 00| 0 eng d
020 _a038798819X (hbd)
024 _a9421
037 _bAshutosh,
037 _cTextual
040 _aCSL
_beng
_cCSL
041 _aeng
082 _aB28, P1 TB
100 _aGlaz Joseph
245 0 _aScan statistics
260 _aNew York
_b Springer-Verlag
_c2001
300 _axv, 370p
490 _aSpringer series in statistics
500 _aBibliographical references 333-366p.
_ccm.; Index 367-370p.
_ccm.
650 _a Order statistics
650 _a Scan statistics
650 _aStatistics
700 _a Naus Joseph
700 _a Wallenstein Sylvan
942 _hB28, P1 TB
_cTEXL
_2CC
999 _c47777
_d47777